00637 2200193 4500001002100000005001500021035002000036007000300056008004100059020001800100082001100118084001700129100002400146245016200170250003100332260003000363300003300393650001700426INLIS00000000000464020260518021023 a0010-0526000054ta260518 g 0 ind  a979-99680-6-2 a297.74 a297.74 ABD t0 aAbdullah Gymnastiar1 a30 Hari Menjemput Berkah :bDari Aa Gym, Renungan Setiap Hari untuk Mencari Hikmah Sejati /cAbdullah Gymnastiar (Penulis); Bambang Trim (Penulis Pendamping) aCetakan II, September 2005 aBandung :bKhas MQ,c2005 aix; 61 Hal :bTeks ;c24,5cm 4aDakwah Islam